000 00437nam a2200181Ia 4500
001 13201
005 20260306163036.0
008 260306t2001||||xx |||||||||||||| ||spa||
041 _aESP
082 _a001.42
_bB73
100 _aBooth, Wayne C.
_eAUT
245 0 _aCómo convertirse en un hábil investigador
260 _c2001
300 _a318 páginas :
_c23 cm.
650 _aGEN
654 _aCHU
942 _cLIB
_dJUS
_fJUS
_2ddc
_n
999 _c13201
_d13201